Представление документа в формате MARC21

Поле Инд. ПП Название Значение
Тип записи a
Библиографический уровень m
001 Контрольный номер UNIDUBNA77efda16d8cf4c858f9b224fce2ccca0
005 Дата корректировки 20230516123303.4
008 Кодируемые данные 20220426
022 0_ a ISSN 1726-6736
084 a Индекс другой классификации/Индекс ББК 74
090 a Полочн. индекс 95.2+74
099 a Индекс 72296
245 10 a Заглавие Университетская книга
n Номер части/ раздела №3/2022
b Продолж. заглавия информационно-аналитический журнал
c Ответственность учредитель: "ИД Университетская книга"; гл. ред. Е. Бейлина
260 c Дата издания 2022
b Издательство Университетская книга
a Место издания Москва
300 a Объем 80 с.
500 a Примечание Журнал
650 04 a Основная рубрика педагогика; образование
653 0_ a Ключевые слова библиотеки вузов; библиотечное дело; библиотечные фонды; издательства; книгоиздание; книжный рынок; Россия; цифровая среда; электронно-библиотечные системы (ЭБС)
773 18 w Контрольный № источника 1f7557900ce34a9cad24e260b2bcf33b
900 a Имя электронного ресурса obl_universitetskaya_kniga_3_2022
x Справочная информация Обложка
900 a Имя электронного ресурса P_univer_kniga_3_22
901 t Тип документа s
952 a Тип литературы для КСУ ВШ НЖ
991 s 5